Letter to an unknown friend : (Record no. 8710)

MARC details
000 -LEADER
fixed length control field 01841cam a22005055i 4500
001 - CONTROL NUMBER
control field 21218301
003 - CONTROL NUMBER IDENTIFIER
control field OSt
005 - DATE AND TIME OF LATEST TRANSACTION
control field 20191106180400.0
008 - FIXED-LENGTH DATA ELEMENTS--GENERAL INFORMATION
fixed length control field 190322s2018 ii 000 0 eng d
010 ## - LIBRARY OF CONGRESS CONTROL NUMBER
LC control number 2019345035
020 ## - INTERNATIONAL STANDARD BOOK NUMBER
International Standard Book Number 9788184656879
Qualifying information (paperback)
020 ## - INTERNATIONAL STANDARD BOOK NUMBER
International Standard Book Number 8184656874
025 ## - OVERSEAS ACQUISITION NUMBER
Overseas acquisition number I-E-2019345035 ; 13-90
035 ## - SYSTEM CONTROL NUMBER
System control number (OCoLC)on1090428331
035 ## - SYSTEM CONTROL NUMBER
System control number (OCoLC)1090428331
037 ## - SOURCE OF ACQUISITION
Source of stock number/acquisition Library of Congress -- New Delhi Overseas Office
040 ## - CATALOGING SOURCE
Original cataloging agency DKAGE
Language of cataloging eng
Description conventions rda
Transcribing agency DKAGE
Modifying agency OCLCO
-- OCLCF
-- DLC
042 ## - AUTHENTICATION CODE
Authentication code lccopycat
-- lcode
043 ## - GEOGRAPHIC AREA CODE
Geographic area code a-ii---
-- a-pk---
050 #4 - LIBRARY OF CONGRESS CALL NUMBER
Classification number JZ5584.I4
Item number K35 2018
082 04 - DEWEY DECIMAL CLASSIFICATION NUMBER
Classification number 303.660954
Edition number 23
100 1# - MAIN ENTRY--PERSONAL NAME
Personal name Kalathil, Joseph,
Relator term author.
245 10 - TITLE STATEMENT
Title Letter to an unknown friend :
Remainder of title children promote peace between India and Pakistan /
Statement of responsibility, etc. Joseph Kalathil SJ.
264 #1 - PRODUCTION, PUBLICATION, DISTRIBUTION, MANUFACTURE, AND COPYRIGHT NOTICE
Place of production, publication, distribution, manufacture Delhi :
Name of producer, publisher, distributor, manufacturer Indian Society for Promoting Christian Knowledge ;
Place of production, publication, distribution, manufacture Hyderabad :
Name of producer, publisher, distributor, manufacturer Henry Martyn Institute,
Date of production, publication, distribution, manufacture, or copyright notice 2018.
300 ## - PHYSICAL DESCRIPTION
Extent xxx, 39 pages ;
Dimensions 22 cm
336 ## - CONTENT TYPE
Content type term text
Content type code txt
Source rdacontent
337 ## - MEDIA TYPE
Media type term unmediated
Media type code n
Source rdamedia
338 ## - CARRIER TYPE
Carrier type term volume
Carrier type code nc
Source rdacarrier
650 #0 - SUBJECT ADDED ENTRY--TOPICAL TERM
Topical term or geographic name entry element Peace-building
Geographic subdivision India.
650 #0 - SUBJECT ADDED ENTRY--TOPICAL TERM
Topical term or geographic name entry element Peace-building
Geographic subdivision Pakistan.
650 #0 - SUBJECT ADDED ENTRY--TOPICAL TERM
Topical term or geographic name entry element Children and peace
Geographic subdivision India.
650 #0 - SUBJECT ADDED ENTRY--TOPICAL TERM
Topical term or geographic name entry element Children and peace
Geographic subdivision Pakistan.
650 #0 - SUBJECT ADDED ENTRY--TOPICAL TERM
Topical term or geographic name entry element Missions
Geographic subdivision India.
650 #0 - SUBJECT ADDED ENTRY--TOPICAL TERM
Topical term or geographic name entry element Missions
Geographic subdivision Pakistan.
650 #7 - SUBJECT ADDED ENTRY--TOPICAL TERM
Topical term or geographic name entry element Children and peace.
Source of heading or term fast
Authority record control number or standard number (OCoLC)fst00855228
650 #7 - SUBJECT ADDED ENTRY--TOPICAL TERM
Topical term or geographic name entry element Missions.
Source of heading or term fast
Authority record control number or standard number (OCoLC)fst01023771
650 #7 - SUBJECT ADDED ENTRY--TOPICAL TERM
Topical term or geographic name entry element Peace-building.
Source of heading or term fast
Authority record control number or standard number (OCoLC)fst01055902
651 #7 - SUBJECT ADDED ENTRY--GEOGRAPHIC NAME
Geographic name India.
Source of heading or term fast
Authority record control number or standard number (OCoLC)fst01210276
651 #7 - SUBJECT ADDED ENTRY--GEOGRAPHIC NAME
Geographic name Pakistan.
Source of heading or term fast
Authority record control number or standard number (OCoLC)fst01210275
710 2# - ADDED ENTRY--CORPORATE NAME
Corporate name or jurisdiction name as entry element I.S.P.C.K. (Organization),
Relator term publisher.
710 2# - ADDED ENTRY--CORPORATE NAME
Corporate name or jurisdiction name as entry element Henry Martyn Institute of Islamic Studies,
Relator term publisher.
906 ## - LOCAL DATA ELEMENT F, LDF (RLIN)
a 0
b par
c copycat
d 3
e ncip
f 20
g y-gencatlg
942 ## - ADDED ENTRY ELEMENTS (KOHA)
Source of classification or shelving scheme Dewey Decimal Classification
Koha item type Books
Holdings
Withdrawn status Lost status Source of classification or shelving scheme Damaged status Not for loan Collection code Home library Current library Date acquired Total Checkouts Full call number Barcode Date last seen Price effective from Koha item type
    Dewey Decimal Classification     Non-fiction Harvest Mission College Harvest Mission College 07.11.2019   303.66 K14L 010072 07.11.2019 07.11.2019 Books

OPAC Designed and Maintained by HMC Library Team.
Copyright © HMC Library,Greater Noida, UP.
For any Suggestions/Query Contact library via Email:libhmc@gmail.com